000 00633nam a2200217 a 4500
001 71914
003 BD-RjUL
005 20211209082201.0
008 170509s1969 nyua b 001 0 eng d
035 _a(BD-RjUL)72130
040 _aDLC
_cDLC
_dDLC
_d(BD-RjUL)
_beng
041 _aeng
082 0 0 _223
_a537.622
_bSZP 1969
100 1 _aSze, S. M.,
_d1936-
_928846
245 1 0 _aPhysics of semiconductor devices /
_cS.M. Sze.
260 _aNew York :
_bJohn Wiley,
_cc1969
300 _axii, 812 p. :
_bill. ;
_c24 cm.
504 _aIncludes bibliographical references and index.
650 0 _aSemiconductors.
_928029
942 _2ddc
_cBK
999 _c71914
_d71914